Normal view
MARC view
- دركر،بيتر ف؛ترجمة ابراهيم بن علي الملحم؛راجع الترجمة مساعد بن عبدالله الفريان
Entry Personal Name
001 - CONTROL NUMBER
- control field: 27725
003 - CONTROL NUMBER IDENTIFIER
- control field: JO-AjAnu
005 - DATE AND TIME OF LATEST TRANSACTION
- control field: 20230606074715.0
008 - FIXED-LENGTH DATA ELEMENTS
- fixed length control field: 230606|| aca||aabn | a|a d
040 ## - CATALOGING SOURCE
- Original cataloging agency: JO-AjAnu
- Transcribing agency: JO-AjAnu
100 ## - HEADING--PERSONAL NAME
- Personal name: دركر،بيتر ف؛ترجمة ابراهيم بن علي الملحم؛راجع الترجمة مساعد بن عبدالله الفريان
670 ## - SOURCE DATA FOUND
- Source citation: Work cat.: (JO-AjAnu)14237: دركر،بيتر ف؛ترجمة ابراهيم بن علي الملحم؛راجع الترجمة مساعد بن عبدالله الفريان, author, تحديات الادارة في القرن الواحد والعشرين=Management Challenges for the 21st Century